| 000 | 00855cam a22002773a 4500 | ||
|---|---|---|---|
| 001 | 27827 | ||
| 003 | PGUSA | ||
| 005 | 20140828083612.0 | ||
| 008 | 090118s2009||||xxu|||||s|||||000 | eng d | ||
| 040 |
_aPGUSA _beng |
||
| 042 | _adc | ||
| 050 | 4 | _aHQ | |
| 100 | 1 | _aVatsyayana | |
| 245 | 1 | 4 |
_aThe Kama Sutra of Vatsyayana : _bTranslated From the Sanscrit in Seven Parts With Preface, Introduction and Concluding Remarks _h[electronic resource] / _cVatsyayana |
| 260 |
_bProject Gutenberg, _c2009 |
||
| 506 | _aPublic domain in the USA. | ||
| 516 | _aElectronic text | ||
| 653 | _aSex | ||
| 653 | _aLove | ||
| 700 | 1 |
_aBurton, Richard Francis, _cSir, _d1821-1890 |
|
| 700 | 1 | _aBhide, Shivaram Parashuram | |
| 700 | 1 | _aIndrajit, Bhagavanlal | |
| 830 | 0 |
_aProject Gutenberg _v27827 |
|
| 856 | 4 | 0 | _uhttp://www.gutenberg.org/ebooks/27827 |
| 942 | _cEB | ||
| 999 |
_c257082 _d257082 |
||